=LDR 00000nam 2200000 4500 =001 NUTBA000000000002182 =005 20140606161748.0 =006 =007 =008 =020 ##$$a 979-002-358-8 =035 ##$$a 0010-061400000000125 =040 ##$$a NBPDMAT =082 ##$$a 634.98 =090 ##$$a 634.98 $b Isk k =100 ##$$a Iskandar Z.Siregar =245 ##$$a Kayu sengon / $c Iskandar Z.Siregar, Tedi Yunanto, Juwita Ratnasari =250 ##$$a Cet.5 =260 ##$$a Jakarta : $b Penebar Swadaya, $c 2011 =300 ##$$a 84 hlm. $b ilus. ; $c 23 cm. =500 ##$$a Bibliografi : hlm. 79-81 =650 ##$$a Kayu Sengon - Budidaya =700 ##$$a Tedi Yunanto =850 ##$$a NBPDMAT =990 ##$$a 21401277